A Exposição Retrospectiva de Arte Ornamental Portugueza e Hespanhola em Lisboa / (Record no. 165390)
[ view plain ]
| 000 -LEADER | |
|---|---|
| campo de control de longitud fija | 00802nam a2200169 i 4500 |
| 001 - NÚMERO DE CONTROL | |
| campo de control | 165390 |
| 003 - IDENTIFICADOR DE NÚMERO DE CONTROL | |
| campo de control | ES-MaACL |
| 005 - FECHA Y HORA DE LA ÚLTIMA TRANSACCIÓN | |
| campo de control | 20230906213128.0 |
| 008 - DATOS DE LONGITUD FIJA--INFORMACIÓN GENERAL | |
| campo de control de longitud fija | 991229s1882 po |||| | por d |
| 100 1# - ENTRADA PRINCIPAL--NOMBRE DE PERSONA | |
| Nombre de persona | Simões, Augusto Filippe. |
| 9 (RLIN) | 132764 |
| 245 12 - MENCIÓN DEL TÍTULO | |
| Título | A Exposição Retrospectiva de Arte Ornamental Portugueza e Hespanhola em Lisboa / |
| Mención de responsabilidad, etc. | carta ao director do Correio da Noite por A. Filippe Simões ; com uma carta do Fernando Palha ao autor ácerca da collecção de ceramica. |
| 260 ## - PUBLICACIÓN, DISTRIBUCIÓN, ETC. | |
| Lugar de publicación, distribución, etc. | Lisboa : |
| Nombre del editor, distribuidor, etc. | [s.n.], |
| Fecha de publicación, distribución, etc. | 1882 ( |
| Fabricante | Typ. Universal de Thomaz Quintino Antunes) |
| 300 ## - DESCRIPCIÓN FÍSICA | |
| Extensión | [2], 209, [2] p. ; |
| Dimensiones | 19 cm. |
| 611 24 - PUNTO DE ACCESO ADICIONAL DE MATERIA--NOMBRE DE REUNIÓN/CONGRESO | |
| Nombre de congreso/reunión o jurisdicción como elemento de entrada | Exposição Retrospectiva de Arte Ornamental Portugueza e Hespanhola. |
| Fecha del congreso o de la firma del tratado | 1882. |
| Sede del congreso/Lugar de la reunión | Lisboa) |
| 9 (RLIN) | 135158 |
| 700 1# - ENTRADA AGREGADA--NOMBRE PERSONAL | |
| Nombre de persona | Palha, Fernando. |
| 9 (RLIN) | 130796 |
| 852 ## - LOCALIZACIÓN | |
| Ubicación | ES-MaACL |
| Número de control de estantería | G-8661 |
| Nota libre | - Enc. pasta |
| Estatus retirado | Estado de pérdida | Estado de daño | No para préstamo | Colección | Biblioteca de origen | Biblioteca actual | Ubicación en estantería | Fecha de adquisición | Fuente de adquisición | Total de préstamos | Signatura topográfica completa | Código de barras | Visto por última vez | Precio de reemplazo | Tipo de ítem Koha |
|---|---|---|---|---|---|---|---|---|---|---|---|---|---|---|---|
| Libros del s. XIX | Biblioteca del Ateneo de Madrid | Biblioteca del Ateneo de Madrid | Sala Pecera Planta 3 | 17/01/2008 | G-8661 | 1173434 | 23/02/2023 | 23/02/2023 | Libro impreso antiguo |
